000
00270nam a2200109Ia 4500
008
200302s9999 xx 000 0 und d
100
_a
Nrc
245
_a
Commentaries on Part of the National Building Code
260
_b
Printed in Canada
260
_c
1977
300
_a
154 P.,
999
_c
553
_d
553